Wszystkie Frakcje w Medieval II Total War - Statystyki

Ogólne statystyki
  • Ten quiz został rozwiązany 405 razy
  • Średni wynik to 18 z 22
Statystyki odpowiedzi
Kontynent Odpowiedź % Poprawnych
Frakcje grywalne Europa Polska
99%
Frakcje grywalne Europa Francja
98%
Frakcje grywalne Europa Anglia
97%
Frakcje grywalne Europa Cesarstwo Niemieckie
97%
Frakcje grywalne Europa Hiszpania
96%
Frakcje grywalne Europa Ruś
93%
Frakcje grywalne Europa Szkocja
92%
Frakcje grywalne Europa Portugalia
91%
Frakcje grywalne Europa Dania
89%
Frakcje grywalne Afryka Egipt
85%
Frakcje grywalne Bliski Wschód Turcy
85%
Frakcje niegrywalne Europa Państwo Papieskie
84%
Frakcje grywalne Europa Węgry
84%
Frakcje niegrywalne Ameryka Aztekowie
77%
Frakcje niegrywalne - * Mongołowie
77%
Frakcje grywalne Europa Cesarstwo Bizantyjskie
76%
Frakcje grywalne Europa Wenecja
76%
Frakcje grywalne Europa Mediolan
68%
Frakcje grywalne Europa Sycylia
66%
Frakcje niegrywalne - * Tatarzy
59%
Frakcje grywalne Afryka Maurowie
58%
Frakcje niegrywalne - * Rebelianci
52%
Nie znaleziono quizów pasujących do podanych kryteriów
Rozkład punktacji
Procent ludzi z każdym wynikiem
Percentyl według liczby udzielonych odpowiedzi
Twoja historia wyników
Nie rozwiązałeś tego quizu